[Event "Bodensee Seniors op"]
[Site "Bregenz"]
[Date "2023.05.14"]
[Round "2"]
[White "Haubt, Georg"]
[Black "Ebner, Hermann"]
[Result "1-0"]
[WhiteElo "2055"]
[BlackElo "1856"]
[PlyCount "81"]
[EventDate "2023.05.13"]
[EventType "swiss"]
[EventRounds "7"]
[EventCountry "AUT"]
[SourceTitle "CBM 214 Extra"]
[Source "ChessBase"]
[SourceDate "2023.07.31"]
[SourceVersion "1"]
[SourceVersionDate "2023.07.31"]
[SourceQuality "1"]

1. d4 d5 2. Bf4 Bf5 3. e3 e6 4. Nd2 Bd6 5. Bg3 Nf6 6. c4 c6 7. Qb3 Bxg3 8. hxg3 Qb6 9. c5 Qc7 10. f3 Qxg3+ 11. Kd1 Qc7 12. g4 Bg6 13. Bd3 Bxd3 14. Qxd3 g6 15. g5 Nh5 16. Ne2 Nd7 17. f4 0-0-0 18. b4 f6 19. Nf3 Rhe8 20. Qa3 Kb8 21. Rb1 a6 22. Nc3 e5 23. b5 axb5 24. Rxb5 cxb5 25. Nxb5 Qc6 26. Qa7+ Kc8 27. Qa8+ Nb8 28. Na7+ Kc7 29. Nxc6 Nxc6 30. Qa4 exf4 31. gxf6 Rxe3 32. Ne5 Nxe5 33. dxe5 Rxe5 34. Qa5+ Kc8 35. Qb6 Rf8 36. c6 Rf7 37. cxb7+ Rxb7 38. Qc6+ Rc7 39. Qa8+ Kd7 40. f7 Re4 41. Qxd5+ 1-0

[Event "GER Cup Net V4 U2000"]
[Site "Playchess.com INT"]
[Date "2020.05.31"]
[Round "7"]
[White "Ebner, Hermann"]
[Black "Deckert, Frank2222"]
[Result "0-1"]
[WhiteElo "1476"]
[BlackElo "1641"]
[PlyCount "62"]
[EventDate "2020.05.31"]
[EventType "swiss (blitz)"]
[EventRounds "9"]
[EventCountry "GER"]
[SourceTitle "EXT 2021"]
[Source "ChessBase"]
[SourceDate "2020.10.23"]
[SourceVersion "1"]
[SourceVersionDate "2020.10.23"]
[SourceQuality "1"]

1. d4 Nf6 2. Bf4 d5 3. e3 e6 4. c3 Bd6 5. Bxd6 Qxd6 6. Bd3 Nbd7 7. Nd2 0-0 8. Ngf3 c5 9. Qe2 a6 10. 0-0 b5 11. a3 Bb7 12. Rfe1 c4 13. Bc2 a5 14. Rad1 b4 15. axb4 axb4 16. e4 dxe4 17. Nxe4 Nxe4 18. Bxe4 Bxe4 19. Qxe4 Nf6 20. Qe2 bxc3 21. bxc3 Nd5 22. Qxc4 Rfc8 23. Qb3 Rxc3 24. Qb7 Rac8 25. Ne5 R3c7 26. Qb3 Nc3 27. Rd3 Nd5 28. h3 Nf4 29. Rf3 Qxd4 30. Rfe3 Qd5 31. Qc3 Qxg2# 0-1

[Event "GER Cup Net V3 U2000"]
[Site "Playchess.com INT"]
[Date "2020.05.27"]
[Round "6"]
[White "Ebner, Hermann"]
[Black "Hofmann, Matthias1111"]
[Result "0-1"]
[WhiteElo "1455"]
[BlackElo "1595"]
[PlyCount "48"]
[EventDate "2020.05.27"]
[EventType "swiss (blitz)"]
[EventRounds "9"]
[EventCountry "GER"]
[SourceTitle "EXT 2021"]
[Source "ChessBase"]
[SourceDate "2020.10.23"]
[SourceVersion "1"]
[SourceVersionDate "2020.10.23"]
[SourceQuality "1"]

1. d4 d5 2. Bf4 Bf5 3. e3 e6 4. c3 Nf6 5. h3 h6 6. Nf3 Bd6 7. Ne5 c6 8. Nd2 Ne4 9. Ndf3 f6 10. Nd3 Bxf4 11. Nxf4 0-0 12. Be2 Qe7 13. 0-0 Nd7 14. g4 Bh7 15. Bd3 e5 16. dxe5 fxe5 17. Bxe4 Bxe4 18. Nxe5 Nxe5 19. c4 Nf3+ 20. Kh1 Rad8 21. cxd5 cxd5 22. Ng2 Nh4 23. Qd4 Bxg2+ 24. Kh2 Nf3+ 0-1

[Event "GER-ch Net Amateur Gr-B Vor2"]
[Site "Playchess.com INT"]
[Date "2020.04.15"]
[Round "1"]
[White "Ebner, Hermann"]
[Black "Eckert, David"]
[Result "0-1"]
[WhiteElo "1494"]
[BlackElo "1676"]
[PlyCount "78"]
[EventDate "2020.04.15"]
[EventType "swiss (blitz)"]
[EventRounds "9"]
[EventCountry "GER"]
[SourceTitle "CBM 196 Extra"]
[Source "ChessBase"]
[SourceDate "2020.07.31"]
[SourceVersion "1"]
[SourceVersionDate "2020.07.31"]
[SourceQuality "1"]

1. d4 Nf6 2. Bf4 d5 3. e3 e6 4. c3 c5 5. Bd3 Bd6 6. Bxd6 Qxd6 7. Nf3 Nbd7 8. Qe2 a6 9. a4 0-0 10. Nbd2 h6 11. 0-0 c4 12. Bc2 b6 13. Rfe1 Bb7 14. e4 dxe4 15. Nxe4 Nxe4 16. Bxe4 Bxe4 17. Qxe4 Nf6 18. Qe2 b5 19. axb5 axb5 20. Ne5 Nd5 21. Qf3 f6 22. Rxa8 Rxa8 23. Ng6 Ra2 24. Qe2 Nxc3 25. Qd2 Nd5 26. g3 Kf7 27. Nh4 c3 28. Qc2 Rxb2 29. Qg6+ Kg8 30. Qe8+ Kh7 31. Qg6+ Kg8 32. Qe8+ Qf8 33. Qxe6+ Qf7 34. Qc8+ Kh7 35. Qf5+ g6 36. Qd3 b4 37. Ra1 b3 38. Qc4 c2 39. Kg2 Rb1 0-1

[Event "GER-ch Net Amateur Gr-B Vor2"]
[Site "Playchess.com INT"]
[Date "2020.04.15"]
[Round "3"]
[White "Ebner, Hermann"]
[Black "Ploder, Udo"]
[Result "0-1"]
[WhiteElo "1436"]
[BlackElo "1589"]
[PlyCount "58"]
[EventDate "2020.04.15"]
[EventType "swiss (blitz)"]
[EventRounds "9"]
[EventCountry "GER"]
[SourceTitle "CBM 196 Extra"]
[Source "ChessBase"]
[SourceDate "2020.07.31"]
[SourceVersion "1"]
[SourceVersionDate "2020.07.31"]
[SourceQuality "1"]

1. d4 Nf6 2. Bf4 c5 3. e3 d5 4. c3 Qb6 5. Qb3 c4 6. Qxb6 axb6 7. a3 Nc6 8. Nf3 Bf5 9. Nbd2 e6 10. Be2 Be7 11. 0-0 b5 12. Rfe1 0-0 13. h3 Rfc8 14. Ne5 Nxe5 15. Bxe5 Ne4 16. Nxe4 Bxe4 17. f3 Bg6 18. Kh2 f6 19. Bg3 h5 20. h4 Rc6 21. Rg1 Rca6 22. Bd1 b4 23. a4 b3 24. Be2 Rxa4 25. Rxa4 Rxa4 26. e4 Ra2 27. Rb1 b5 28. Be1 dxe4 29. Ra1 Rxa1 0-1

[Event "GER-ch Net Amateur Gr-B Vor2"]
[Site "Playchess.com INT"]
[Date "2020.04.15"]
[Round "2"]
[White "Jessen, Bjarne"]
[Black "Ebner, Hermann"]
[Result "1-0"]
[WhiteElo "1565"]
[BlackElo "1468"]
[PlyCount "83"]
[EventDate "2020.04.15"]
[EventType "swiss (blitz)"]
[EventRounds "9"]
[EventCountry "GER"]
[SourceTitle "CBM 196 Extra"]
[Source "ChessBase"]
[SourceDate "2020.07.31"]
[SourceVersion "1"]
[SourceVersionDate "2020.07.31"]
[SourceQuality "1"]

1. e4 c6 2. d4 d5 3. e5 Bf5 4. h4 a6 5. g4 Bd7 6. Bd3 e6 7. f4 c5 8. c3 Nc6 9. Nf3 Qb6 10. Bc2 Rc8 11. 0-0 cxd4 12. cxd4 Nb4 13. Bb3 Bb5 14. Rf2 Nd3 15. Rc2 Ne7 16. Rxc8+ Nxc8 17. Nc3 Nxc1 18. Rxc1 Bd7 19. Kg2 Be7 20. Na4 Qd8 21. Nc5 0-0 22. Qd3 Bxc5 23. Rxc5 Ne7 24. Bc2 g6 25. h5 Nc6 26. Ng5 Kg7 27. Nxh7 Kxh7 28. hxg6+ Kg7 29. gxf7 Rxf7 30. Qh7+ Kf8 31. Qh6+ Ke7 32. Qg6 Qf8 33. Qg5+ Ke8 34. Kg3 Nxd4 35. Bg6 Bc6 36. Bxf7+ Qxf7 37. Qh6 Ne2+ 38. Kf3 Nd4+ 39. Kf2 Nb5 40. Qh8+ Ke7 41. Qh4+ Kd7 42. Ke3 1-0

[Event "Bodensee Seniors op"]
[Site "Bregenz"]
[Date "2019.05.27"]
[Round "2"]
[White "Chan, Peng Kong"]
[Black "Ebner, Hermann"]
[Result "1-0"]
[WhiteElo "2129"]
[BlackElo "1707"]
[PlyCount "83"]
[EventDate "2019.05.26"]
[EventType "swiss"]
[EventRounds "7"]
[EventCountry "AUT"]
[SourceTitle "CBM 190 Extra"]
[Source "ChessBase"]
[SourceDate "2019.07.15"]
[SourceVersion "1"]
[SourceVersionDate "2019.07.15"]
[SourceQuality "1"]

1. c4 Nf6 2. g3 c6 3. Nf3 g6 4. b3 Bg7 5. Bb2 0-0 6. Bg2 d5 7. 0-0 Nbd7 8. Qc2 dxc4 9. bxc4 Re8 10. d4 Qc7 11. Nbd2 b6 12. Rac1 Bb7 13. Qb1 e6 14. e4 h6 15. e5 Nh7 16. Ne4 c5 17. Nd6 Bc6 18. Nxe8 Rxe8 19. Rfe1 cxd4 20. Bxd4 Ng5 21. Nxg5 Bxg2 22. Nxf7 Kxf7 23. Kxg2 Bxe5 24. Bxe5 Nxe5 25. Qe4 Nd7 26. Rc3 e5 27. Kg1 Nf6 28. Qe2 Qd7 29. c5 Qc6 30. Qc4+ Kf8 31. cxb6 Qxb6 32. Qc5+ Qxc5 33. Rxc5 e4 34. Rc7 Ra8 35. Rd1 a5 36. Rd4 h5 37. h4 Rb8 38. Kg2 Rb2 39. Rd8+ Ne8 40. Rcc8 Ke7 41. Rxe8+ Kd7 42. Ra8 1-0